000 01014 a2200313 4500
999 _c200128935
_d11565
001 200128935
003 TR-AnTOB
005 20230809001400.0
008 130408s2011 tu 000 0
020 _a9786055426699
040 _aTR-AnTOB
_cTR-AnTOB
041 _atur
050 _aHC492
_bA35 2011
090 _aHC492 A35 2011
100 _aAdıgüzel, Muhittin
_987809
245 1 0 _aTürkiye ekonomisi ve stratejik dönüşümü /
_cMuhittin Adıgüzel.
264 1 _aAnkara:
_bNobel Akademik Yayıncılık,
_c2011
300 _a220 s. ;
_c23 cm.
336 _2rdacontent
_atext
_btxt
337 _2rdamedia
_aunmediated
_bn
338 _2rdacarrier
_avolume
_bnc
490 0 _aNobel Akademik Yayıncılık ;
_v70
_aİktisadi-İdari Bilimler ;
_v19
651 0 0 _aTürkiye
_xEkonomik durum
_zEkonomik koşullar
_980633
651 0 7 _aTürkiye
_xEkonomi politikası
_2
_911070
651 0 0 _aTurkey
_xEconomic conditions
_980629
651 0 0 _aTurkey
_xEconomic policy
_99607
942 _cBK
_2lcc